书目信息 |
| 题名: |
1~4000沃尔玛专业零售
|
|
| 作者: | 李志敏 编著 | |
| 分册: | ||
| 出版信息: | 北京 中国商业出版社 2003 |
|
| 页数: | 275页 | |
| 开本: | 20cm | |
| 丛书名: | 博尔管理 | |
| 单 册: | ||
| 中图分类: | F737.124.2 , F737.124 | |
| 科图分类: | ||
| 主题词: | 零售商业--连锁商店--商业经营--经验--美国 , 零售商业 , 连锁商店 , 商业经营 , 商业经济 | |
| 电子资源: | ||
| ISBN: | 7-5044-4866-4 | |
| 000 | 01003oam2 2200325 45 | |
| 001 | 002570691 | |
| 005 | 20061017101612.10 | |
| 009 | 002570691 | |
| 010 | @a7-5044-4866-4@dCNY22.80 | |
| 100 | @a20040204d2003 em y0chiy0110 ea | |
| 101 | 0 | @achi |
| 102 | @aCN@b110000 | |
| 105 | @aa z 000yy | |
| 200 | 1 | @a1~4000沃尔玛专业零售@A1~4000 wo er ma zhuan ye ling shou@f李志敏编著@Fli zhi min bian zhu |
| 210 | @a北京@c中国商业出版社@d2003 | |
| 215 | @a275页@c图@d20cm | |
| 225 | 2 | @a博尔管理 |
| 330 | @a本书对美国《财富》杂志的排行榜首位“沃尔玛”进行阐述,介绍其创业、经营理念、员工管理与竞争等内容。 | |
| 461 | 0 | @1001002380296@12001 @a博尔管理 |
| 606 | 0 | @a零售商业@x连锁商店@x商业经营@x经验@y美国 |
| 606 | 0 | @a零售商业 |
| 606 | 0 | @a连锁商店 |
| 606 | 0 | @a商业经营 |
| 606 | 0 | @a商业经济 |
| 690 | @aF737.124.2@v4 | |
| 690 | @aF737.124@v4 | |
| 701 | 0 | @a李志敏@Ali zhi min@c(企业管理)@4编著 |
| 801 | 0 | @aCN@bNLC@c20061017 |
| 905 | @aBZT@dF737.124@e1 | |
| 906 | @dCNY22.80@n0@r1 | |
| 1~4000沃尔玛专业零售/李志敏编著.-北京:中国商业出版社,2003 |
| 275页:图;20cm.-(博尔管理) |
| ISBN 7-5044-4866-4:CNY22.80 |
| 本书对美国《财富》杂志的排行榜首位“沃尔玛”进行阐述,介绍其创业、经营理念、员工管理与竞争等内容。 |
| ● |
| 相关链接 |
|
|
|
正题名:1~4000沃尔玛专业零售
索取号:F737.124/1
 
预约/预借
| 序号 | 登录号 | 条形码 | 馆藏地/架位号 | 状态 | 备注 |
| 1 | 403396 | 210319528 | 中心书库北库/ 北库037架B面1列6层19/ [索取号:F737.124/1] | 在馆 | |
| 2 | 403397 | 210319519 | 中心书库北库/ 北库037架B面1列6层6/ [索取号:F737.124/1] | 在馆 | |
| 3 | 403398 | 210319500 | 中心书库北库/ 北库037架B面1列6层16/ [索取号:F737.124/1] | 在馆 | |
| 4 | 403399 | 210319494 | 中心书库北库/ 北库037架B面1列6层15/ [索取号:F737.124/1] | 在馆 | |
| 5 | 403400 | 210319485 | 中心书库北库/ 北库037架B面1列6层14/ [索取号:F737.124/1] | 在馆 | |
| 6 | 403401 | 210319573 | 中心书库北库/ 北库037架B面1列6层26/ [索取号:F737.124/1] | 在馆 | |
| 7 | 403402 | 210319564 | 中心书库北库/ 北库037架B面1列6层12/ [索取号:F737.124/1] | 在馆 | |
| 8 | 403403 | 210319555 | 中心书库北库/ 北库037架B面1列6层10/ [索取号:F737.124/1] | 在馆 | |
| 9 | 403404 | 210319546 | 中心书库北库/ 北库037架B面1列6层5/ [索取号:F737.124/1] | 在馆 | |
| 10 | 403405 | 210319537 | 中心书库北库/ 北库037架B面1列6层8/ [索取号:F737.124/1] | 在馆 | |
| 11 | 504611 | 230071200 | 中心书库北库/ 北库037架B面1列6层23/ [索取号:F737.124/1] | 在馆 | |
| 12 | 504612 | 230071198 | 中心书库北库/ 北库037架B面1列6层11/ [索取号:F737.124/1] | 在馆 | |
| 13 | 504613 | 230071197 | 中心书库北库/ 北库037架B面1列6层22/ [索取号:F737.124/1] | 在馆 | |
| 14 | 504614 | 230071196 | 中心书库北库/ 北库037架B面1列6层20/ [索取号:F737.124/1] | 在馆 | |
| 15 | 504615 | 230071207 | 中心书库北库/ 北库037架B面1列6层24/ [索取号:F737.124/1] | 在馆 |